000 00519cam a22002051a 4500
001 sa 68017356
003 DLC
005 20260227112702.0
008 950322q19601969io 000 1 jav
010 _asa 68017356
025 _aPL480:Indo-4169
035 _a(OCoLC)32187086
040 _aDLC
_cWU
_dDLC
042 _apremarc
050 0 0 _aPL5179.S7
_bT8
100 0 _aSri Hadidjojo.
245 1 0 _aTutwuri andajani, ning, rak maniss!
260 _aSemarang :
_bPenerbit K.,
_c[196-?]
300 _a46 p. ;
_c15 cm.
999 _c87677
_d87677